Cincin sakti

Bibliographic Details
Main Author: Shafie bin Abdul Rahman
Format: Book
Published: Selangor : Percetakan Sermaju Sdn.Bhd , 2006
Series:Siri bacaan teladan sivik
Subjects:

MARC

LEADER 00000cam a2200000 7i4500
001 0000004839
005 20151222.0
008 070731
020 |a 9833351069(set) 
020 |a 9833351115 
090 0 0 |a JF   |b MOR MAL (5390) 
100 0 |a Shafie bin Abdul Rahman 
245 1 0 |a Cincin sakti   |c Shafie bin Abdul Rahman 
260 |a Selangor :   |b Percetakan Sermaju Sdn.Bhd ,   |c 2006 
440 |a Siri bacaan teladan sivik 
500 |a Children ages 7-9 years old (orange) 
650 0 |a Junior fiction   |x Malay   |x Languages 
650 0 |a Moral   |x Fiction 
999 |a 0000906796   |b Book   |c Teenagers   |e Cawangan Bandar Tenggara 
999 |a 0000976315   |b Book   |c Children Collection   |e Cawangan Bukit Gambir 
999 |a 0000976316   |b Book   |c Children Collection   |e Perbadanan Perpustakaan Awam Johor 
999 |a 0000976318   |b Book   |c Children Collection   |e Cawangan Sri Merlong 
999 |a 0000976319   |b Book   |c Children Collection   |e Perbadanan Perpustakaan Awam Johor 
999 |a 0001143360   |b Book   |c Children Collection   |e Cawangan Taman Universiti 
999 |a 0001150160   |b Book   |c Children Collection   |e Cawangan Tangkak 
999 |a 0001150163   |b Book   |c Children Collection   |e Cawangan Tmn. Ungku Tun Aminah 
999 |a 0001150164   |b Book   |c Children Collection   |e Cawangan Segamat